000
00302nam a22001217a 4500
008
170613b xxu||||| |||| 00| 0 eng d
041
_a
eng
080
_a
94
100
_a
17
101
_a
SHH
245
_a
GROUND RULES: SOVIET AND AMERICAN INVOLVEMENT IN REGIONAL CONFLICTS
_c
GOWA,J
942
_2
udc
_c
BK
999
_c
17187
_d
17187